000 00332nam a22001457a 4500
003 SGT
082 _a616.89
_bE15R
100 _aRADCLIFFE, MATTHEW
245 _aEXPERIENCES OF DEPRESSION : A STUDY IN PHENOMENOLOGY
260 _aUK
_bOXFORD PRESS
300 _a2015
490 _a318
650 _aPSYCHOLOGY
942 _2ddc
_cBK
999 _c10497
_d10497